Qui a été le Ministre de qui ? - Statistiques

Statistiques générales
  • Ce quiz a été pris 123 fois
  • Le résultat moyen est 10 sur 12
Statistiques - réponses
Question Réponse % Correct
Sous quel Président Bruno Le Maire a été Ministre de l'Economie ? Emmanuel Macron
100%
Sous quel Président Christiane Taubira a été Garde des Sceaux, Ministre de la Justice ? François Hollande
100%
Sous quel Président Simone Veil a été Ministre de la Santé et de la Famille ? Valéry Giscard d'Estaing
100%
Sous quel Président Benoît Hamon a été Ministre de l'Education nationale ? François Hollande
95%
Sous quel Président Rachida Dati a été Garde des Sceaux, Ministre de la Justice ? Nicolas Sarkozy
95%
Sous quel Président Robert Badinter a été Garde des Sceaux, Ministre de la Justice ? François Mitterrand
91%
Sous quel Président Michel Debré a été Ministre de Défense nationale ? Georges Pompidou
77%
Sous quel Président Jean-Louis Debré a été Ministre de l'Intérieur ? Jacques Chirac
77%
Sous quel Président Christine Boutin a été Ministre du Logement ? Nicolas Sarkozy
73%
Sous quel Président Michel Rocard a été Ministre de l'Agriculture ? François Mitterrand
64%
Sous quel Président Laurent Fabius a été Ministre des Affaires étrangères ? François Hollande
55%
Sous quel Président Martine Aubry a été Ministre de l'Emploi et de la Solidarité ? Jacques Chirac
32%
Aucun quiz correspondant
Distribution des résultats
% des personnes avec chaque résultat
Percentile par nombre de réponses
Votre historique - résultats
Vous n’avez pas pris ce quiz